01737cam a2200409 a 4500999001900000001000800019003000500027005001700032008004100049010001700090020004600107020004700153020002000200040001800220043001200238050002400250082002200274100002900296245005500325250001200380260007900392300002700471490005100498490003200549504005100581505006900632590001600701650004800717651004400765830005700809830004900866906004500915942001200960952013500972952011001107952011001217 c331731d3317311067345NUST20171019130739.0910321m19869999pk b 001 0 eng  a 90931465  a9694150027 (v. 1):cRs90.00 ($12.00 U.S.) a9694150043 (v. 2):cRs120.00 ($15.00 U.S.) c9694150515(v.3) aDLCcDLCdDLC aa-pk---00aJQ559.A45bA35 198600a324.25491009bAFZ1 aAfzal, M. Rafique.9554010aPolitical parties in Pakistan /cM. Rafique Afzal. a2nd ed. aIslamabad :bNational Institute of Historical and Cultural Research,c1998 av. <1-3 > ;c25 cm.1 aHistorical studies (Pakistan) series;v2-3; 151 aNIHCR publication ;vno. 98 aIncludes bibliographical references and index.1 aContents: v. 1. 1947-1958 -- v. 2. 1958-1969 -- v. 3. 1969-1971. aIn English. 0aPolitical partieszPakistanxHistory.95541 0aPakistanxPolitics and government.9206 0aHistorical studies (Pakistan) series ; 2, etc.95542 0aN.I.H.C.R. publication ;vno. 98, etc.95543 a7bcbccorignewd2encipf19gy-gencatlg 2ddccBK 00102ddc40708NFICaCLbCLcCARTd2017-10-19hvol. 2l1m2o324.25491009 AFZpCL2435r2021-08-24s2019-01-16t2w2017-10-19yBK 00102ddc4070aCLbCLcCARTd2017-10-19hvol. 3o324.25491009 AFZpCL431r2017-10-19t3w2017-10-19yBK 00102ddc4070aCLbCLcCARTd2017-10-19hvol. 1o324.25491009 AFZpCL430r2017-10-19t1w2017-10-19yBK